हिन्दी कविताःआजादी के बाद (Record no. 7282)

MARC details
000 -LEADER
fixed length control field 01108 a2200217 4500
005 - DATE AND TIME OF LATEST TRANSACTION
control field 20080916123054.0
008 - FIXED-LENGTH DATA ELEMENTS--GENERAL INFORMATION
fixed length control field 080916t xxu||||| |||| 00| 0 hin d
010 ## - LCCN (DPL NO)
LC control number HIN-80905
020 ## - INTERNATIONAL STANDARD BOOK NUMBER
Terms of availability 200.00
035 ## - SYSTEM CONTROL NUMBER
System control number HN-53251
037 ## - SOURCE OF ACQUISITION
Source of stock number/acquisition D.B.Act / pub
082 ## - DEWEY DECIMAL CLASSIFICATION NUMBER
Classification number 821.08
245 ## - TITLE STATEMENT
Title हिन्दी कविताःआजादी के बाद
Statement of responsibility, etc संपादक प्रभात पाण्डेय
246 ## - VARYING FORM OF TITLE
Title proper/short title Hindi Kavita:Azaadi ke baad
Remainder of title Ed by Prabhat Pandey
260 ## - PUBLICATION, DISTRIBUTION, ETC. (IMPRINT)
Place of publication, distribution, etc कोलकाता
Name of publisher, distributor, etc प्रतिध्वनि2002
Date of publication, distribution, etc 2007
270 ## - ADDRESS
City कोलकाता
Address 31, सर हरिराम गोयनका स्ट्रीट
Postal code 700007
300 ## - PHYSICAL DESCRIPTION
Extent 190पृ
Dimensions 22 सेमी (सजिल्द)
700 ## - ADDED ENTRY--PERSONAL NAME
Personal name पाण्डेय, प्रभात
942 ## - ADDED ENTRY ELEMENTS (KOHA)
Institution code [OBSOLETE] dpl
Item type Hindi Books
Call number prefix 821.08 / हिन्दीक
Source of classification or shelving scheme Dewey Decimal Classification
Classification part 821.08
Call number suffix हिन्दीक
Holdings
Withdrawn status Lost status Source of classification or shelving scheme Damaged status Not for loan Home library Current library Date acquired Cost, normal purchase price Total Checkouts Full call number Barcode Date last seen Copy number Cost, replacement price Koha item type
    Dewey Decimal Classification     D.B.Act.Division D.B.Act.Division 16/09/2008 200.00   821.08 हिन्दीक HN-53251 15/09/2008 1 200.00 Hindi Books

© Delhi Public Library
Hit Counter
free hit counter